| 000 | 00831 a2200253 4500 | ||
|---|---|---|---|
| 001 | 200421311 | ||
| 999 |
_c200421311 _d38505 |
||
| 003 | TR-AnTOB | ||
| 005 | 20230915101449.0 | ||
| 008 | 150211s tu 000 0 | ||
| 040 |
_aTR-AnTOB _btur _erda |
||
| 041 | 0 | _atur | |
| 050 | 0 | 0 |
_aNA5865 _bA39 2011 |
| 090 | _aNA5865 A39 2011 | ||
| 245 | 1 | 0 |
_aAfyonkarahisar Cumhuriyet Meydanı ve çevresi ulusal mimarlık ve kentsel tasarım fikir proje yarışması / _cAfyonkarahisar Belediyesi. |
| 264 |
_aAfyon;: _bAfyonkarahisar Belediyesi, _c2011 |
||
| 300 |
_a125 sayfa : _brenk. res. ; _c30 cm |
||
| 336 |
_atext _2rdacontent |
||
| 337 |
_aunmediated _2rdamedia |
||
| 338 |
_avolume _2rdacarrier |
||
| 650 | 0 | 0 |
_aMimari _zTürkiye _zAfyonkarahisar _xTarih _9104132 |
| 650 | 0 | 0 |
_aArchitecture _zTurkey _zAfyonkarahisar _xHistory _9104133 |
| 942 | _cBK | ||